Say to the sun, "don't rise," and to the moon, "don't set" : (Record no. 100297)
[ view plain ]
| 000 -LEADER | |
|---|---|
| fixed length control field | 00940nam a22002417a 4500 |
| 005 - DATE AND TIME OF LATEST TRANSACTION | |
| control field | 20160614150733.0 |
| 010 ## - LCCN (DPL NO) | |
| LC control number | ENG-115260 |
| 020 ## - INTERNATIONAL STANDARD BOOK NUMBER | |
| International Standard Book Number | 9789384082680 |
| Terms of availability | 2395.00 |
| 035 ## - SYSTEM CONTROL NUMBER | |
| System control number | EN-98792 |
| 037 ## - SOURCE OF ACQUISITION | |
| Source of stock number/acquisition | DBAD/PUB |
| 082 ## - DEWEY DECIMAL CLASSIFICATION NUMBER | |
| Classification number | 398.2095479 |
| 245 ## - TITLE STATEMENT | |
| Title | Say to the sun, "don't rise," and to the moon, "don't set" : |
| Statement of responsibility, etc | edited and translated by Anne Feldhaus with Ramdas Atkar and Rajaram Zagade. |
| Remainder of title | two oral narratives from the countryside of Maharashtra / |
| 260 ## - PUBLICATION, DISTRIBUTION, ETC. (IMPRINT) | |
| Place of publication, distribution, etc | Delhi |
| Name of publisher, distributor, etc | Primus Books. |
| Date of publication, distribution, etc | 2015 |
| 270 ## - ADDRESS | |
| Address | Virat Bhawan, Mukhrjee Nagar Commercial Complex. |
| City | Delhi |
| Postal code | 110009 |
| 300 ## - PHYSICAL DESCRIPTION | |
| Extent | xii,613p. |
| Other physical details | 24cm(Hb) |
| 500 ## - GENERAL NOTE | |
| General note | Includes bibliographical references and index. |
| 650 ## - SUBJECT ADDED ENTRY--TOPICAL TERM | |
| Topical term or geographic name as entry element | Folk literature, Marathi |
| Form subdivision | Translations into English. |
| 650 ## - SUBJECT ADDED ENTRY--TOPICAL TERM | |
| Topical term or geographic name as entry element | Dhangar (Indic people) |
| Form subdivision | Folklore. |
| 700 ## - ADDED ENTRY--PERSONAL NAME | |
| Personal name | Feldhaus, Anne |
| 700 ## - ADDED ENTRY--PERSONAL NAME | |
| Personal name | Atkar,Ramdas |
| 700 ## - ADDED ENTRY--PERSONAL NAME | |
| Personal name | Zagade,Rajaram |
| 942 ## - ADDED ENTRY ELEMENTS (KOHA) | |
| Source of classification or shelving scheme | Dewey Decimal Classification |
| Item type | English Books |
| Call number suffix | SAY |
| Classification part | 398.2095479 |
| Withdrawn status | Lost status | Not for loan | Collection code | Home library | Current library | Date acquired | Source of acquisition | Cost, normal purchase price | Full call number | Barcode | Copy number | Cost, replacement price | Koha item type |
|---|---|---|---|---|---|---|---|---|---|---|---|---|---|
| Not For Loan | Non-fiction | D.B.Act.Division | Bawana | 13/06/2016 | DBAD/PUB | 2395.00 | 398.2095479 SAY | EN-98792 | 1 | 2395.00 | English Books |
